=LDR 00000nam 2200000 4500 =001 INLIS000000000000421 =005 20150312102341.0 =006 =007 =008 Ind =035 ##$$0010-061300000000421 =041 ##$$a Ind =082 ##$$a 910.07 =090 ##$$a 910.07 Sur i =100 ##$$a Surasimi =245 ##$$a IPS geografi sesuai dengan kurikulum 1994 kelas 1,2 caturwulan 1,2 dan SLTP / Surasimi =260 ##$$a Yogyakarta $b Kendang Sari $c 1994 =300 ##$$a ...jild. : ilus. ; 21 cm =650 ##$$a Geografi =650 ##$$a Studi dan pengajaran =850 ##$$a NBPNMAT =990 ##$$a 20706546 =990 ##$$a AN99000162 =990 ##$$a AN99000163 =990 ##$$a AN99000164